Graphik im Bürobericht GI-Fachgespräch. Bad Honnef, 29./30. November 1988

Salvato in:
Dettagli Bibliografici
Altri autori: Kansy, Klaus, Wisskirchen, Peter
Natura: Libro
Lingua:tedesco
Pubblicazione: Berlin Springer 1988
Edizione:1. Aufl.
Tags: Aggiungi Tag
Nessun Tag, puoi essere il primo ad aggiungerne!!

MARC

LEADER 00000nam a2200000 4500
001 c033722
005 20221206134234.2
041 0 |a ger 
044 |a DE 
245 1 0 |a Graphik im Bürobericht  |b GI-Fachgespräch. Bad Honnef, 29./30. November 1988  |c Red. Klaus Kansy, Peter Wisskirchen 
250 |a 1. Aufl. 
264 1 |a Berlin  |b Springer  |c 1988 
300 |a 187 s. 
700 1 |a Kansy, Klaus 
700 1 |a Wisskirchen, Peter